Εισαγωγή εις την επιστήμην του δικαίου

Αποθηκεύτηκε σε:
Λεπτομέρειες βιβλιογραφικής εγγραφής
Κύριος συγγραφέας: Πανταζόπουλος, Νικόλαος Ι., 1912-
Μορφή: Βιβλίο
Γλώσσα:Greek
Δημοσίευση: Θεσσαλονίκη : Σάκκουλα, Αφοί, 1976
Θέματα:
Ετικέτες: Προσθήκη ετικέτας
Δεν υπάρχουν, Καταχωρήστε ετικέτα πρώτοι!

MARC

LEADER 00000cam a2200000 i 4500
001 1/41863
008 070302s1976 gre d
035 |l 10087196 
040 |a GR-MY-UA  |b gre  |e aacr 
041 0 |a gre 
082 0 |a 340.1  |2 (22) 
100 1 |a Πανταζόπουλος, Νικόλαος Ι.,   |d 1912- 
245 1 0 |a Εισαγωγή εις την επιστήμην του δικαίου /  |c Νικολάου Ι. Πανταζοπούλου 
260 |a Θεσσαλονίκη :   |b Σάκκουλα, Αφοί,   |c 1976 
300 |a 174 σ.;  |c 24 εκ. 
500 |a Πανεπιστημιακές παραδόσεις. Τεύχος Α' 
650 0 0 |a Jurisprudence. 
650 0 0 |a Law  |z Greece. 
852 |a INST  |b CHIOS  |e 20070302  |h 340.1 ΠΑΝ  |p 005200029093  |q 005200029093  |t BK  |y 0 
901 |a BIBL2-2007-1 
909 |a Χ  |b 130909 
970 |a ΒΑΣΙΛΑΚΗ  |b ΝΙΚΗ  |z 2007/03/02